00533nam a2200169Ia 4500003000900000008004100009040001600050100002500066245009100091300000900182650002000191650001700211650003700228942000700265999001300272952007800285IN-BaIIA211028s9999 xx 000 0 eng d cIIA Library aPogson, N. R .91002 0aTelegraphic determinations of the difference of longitude between RanchicN. R. Pogson a90p. aLongitude91003 aRanchi91004 aTelegraphic determinations91005 cBK c435d435 00104070aBANbKAVcGENd0000-00-00l0p433r2021-11-05w0000-00-00yBK